书目信息 |
| 题名: |
舞蹈的基本训练
|
|
| 作者: | ;人民音乐出版社舞蹈组 编 | |
| 分册: | ||
| 出版信息: | 北京 人民音乐出版社 1988 |
|
| 页数: | 144页 | |
| 开本: | 20cm | |
| 丛书名: | 舞蹈知识丛书 | |
| 单 册: | ||
| 中图分类: | J711 | |
| 科图分类: | ||
| 主题词: | 舞蹈动作--基本知识 , 舞蹈动作 | |
| 电子资源: | ||
| ISBN: | 7-103-00133-2 | |
| 000 | 00822oam2 2200253 450 | |
| 001 | 0189006753 | |
| 005 | 20070811093510.31 | |
| 010 | @a7-103-00133-2@dCNY8.40 | |
| 100 | @a20030305e20031988em y0chiy0110 ea | |
| 101 | 0 | @achi |
| 102 | @aCN@b110000 | |
| 105 | @aa z 000yy | |
| 200 | 1 | @a舞蹈的基本训练@9wu dao de ji ben xun lian@f人民音乐出版社舞蹈组编 |
| 210 | @a北京@c人民音乐出版社@d1988@h2006 | |
| 215 | @a144页@c图@d20cm | |
| 225 | 2 | @a舞蹈知识丛书 |
| 330 | @a本书为舞蹈知识丛书之一,全书从人体生理学和运动医学的角度对中国古典舞基训主要内容进行了扼要的分析。 | |
| 461 | 0 | @12001 @a舞蹈知识丛书 |
| 606 | 0 | @a舞蹈动作@x基本知识 |
| 606 | 0 | @a舞蹈动作 |
| 690 | @aJ711@v4 | |
| 711 | 02 | @a人民音乐出版社舞蹈组@9ren min yin yue chu ban she wu dao zu@4编 |
| 801 | 0 | @aCN@bNLC@c20070811 |
| 905 | @a10447@dJ711@e104 | |
| 舞蹈的基本训练/人民音乐出版社舞蹈组编.-北京:人民音乐出版社,1988(2006) |
| 144页:图;20cm.-(舞蹈知识丛书) |
| ISBN 7-103-00133-2:CNY8.40 |
| 本书为舞蹈知识丛书之一,全书从人体生理学和运动医学的角度对中国古典舞基训主要内容进行了扼要的分析。 |
| ● |
| 相关链接 |
|
|
|
|
正题名:舞蹈的基本训练
索取号:J711/104
 
预约/预借
| 序号 | 登录号 | 条形码 | 馆藏地/架位号 | 状态 | 备注 |
| 1 | 0805107 | 208051070 | 第一样本阅览室/ [索取号:J711/104] | 在馆 | |
| 2 | 0805108 | 208051089 | 第一借阅区/ [索取号:J711/104] | 在馆 | |
| 3 | 0805109 | 208051098 | 第一借阅区/ [索取号:J711/104] | 在馆 | |
| 4 | 0805110 | 208051105 | 第一借阅区/ [索取号:J711/104] | 在馆 | |
| 5 | 0805111 | 208051114 | 密集书库-音乐系/ [索取号:J711/104] | 在馆 |